Como rostro que surge / (Record no. 14639)

MARC details
000 -LEADER
campo de control de longitud fija 00695nam a2200241 i 4500
001 - NÚMERO DE CONTROL
campo de control 14639
003 - IDENTIFICADOR DE NÚMERO DE CONTROL
campo de control ES-MaACL
005 - FECHA Y HORA DE LA ÚLTIMA TRANSACCIÓN
campo de control 20250528063005.0
007 - CAMPO FIJO DE DESCRIPCIÓN FÍSICA--INFORMACIÓN GENERAL
campo de control de longitud fija t|
008 - DATOS DE LONGITUD FIJA--INFORMACIÓN GENERAL
campo de control de longitud fija 990520s1999 sp ||||1| spa d
020 ## - NÚMERO INTERNACIONAL ESTÁNDAR DEL LIBRO
Número Internacional Estándar del Libro 8486419417
080 ## - NÚMERO DE LA CLASIFICACIÓN DECIMAL UNIVERSAL
Número de la Clasificación Decimal Universal 821.134.2-14"19"
100 1# - ENTRADA PRINCIPAL--NOMBRE DE PERSONA
Nombre de persona Domínguez Rey, Antonio
9 (RLIN) 45239
245 10 - MENCIÓN DEL TÍTULO
Título Como rostro que surge /
Mención de responsabilidad, etc. Antonio Domínguez Rey.
250 ## - MENCION DE EDICION
Mención de edición 1ª ed.
260 ## - PUBLICACIÓN, DISTRIBUCIÓN, ETC.
Lugar de publicación, distribución, etc. Humanes, Madrid :
Nombre del editor, distribuidor, etc. Juan Pastor,
Fecha de publicación, distribución, etc. 1999.
300 ## - DESCRIPCIÓN FÍSICA
Extensión 107 p. ;
Dimensiones 20 cm.
490 1# - MENCIÓN DE SERIE
Mención de serie Devenir. Serie Poesía ;
Designación de volumen o secuencia 121
830 00 - PUNTO DE ACCESO ADICIONAL DE SERIE-TÍTULO UNIFORME
Título uniforme Devenir.
Nombre de parte o sección de la obra Serie Poesía ;
Designación de volumen o secuencia 121
9 (RLIN) 236243
852 ## - LOCALIZACIÓN
Ubicación ES-MaACL
Número de control de estantería P-1931 Nº 121
Sublocalización o colección R.127283
942 ## - ELEMENTOS DE ENTRADA SECUNDARIOS (KOHA)
Fuente del sistema de clasificación o colocación Clasificación decimal universal
Holdings
Estatus retirado Estado de pérdida Fuente del sistema de clasificación o colocación Estado de daño No para préstamo Biblioteca de origen Biblioteca actual Ubicación en estantería Fecha de adquisición Total de préstamos Signatura topográfica completa Código de barras Visto por última vez Precio de reemplazo Tipo de ítem Koha
    Clasificación decimal universal     Biblioteca del Ateneo de Madrid Biblioteca del Ateneo de Madrid Depósito 2 17/01/2008   P-1931 N 121 1014887 23/02/2023 23/02/2023 Libro impreso